1393 1553 1481 1068 1082 1197 1295 1956 1493 1858 1068 1825 1040 1401 1842 1716 1890 1059 1666 1686 1801 1679 1448 1264 1523 1773 1957 1110 1694 1239 1181 1771 1224 1441 1960 1638 1009 1857 1952 1399 1242 1066 1770 1195 1688 1000 1390 1941 1603 1504 1509 1322 1458 1978 1299 1884 1549 1741 1126 1783 1371 1685 1555 1375 1007 1719 1019 1034 1219 1887 1388 1061 1720 1256 1739 1661 1823 1872 1971 1535 1126 1494 1295 1624 1541 1033 1280 1867 1897 1847 1161 1746 1853 1361 1866 1802 1150 1138 1825 BCNSPRNW ULIB Ver.6.0+V

เปลี่ยนเป็นภาษาไทย

Change to English
 แสดงรายละเอียดบรรณานุกรม
  กลับหน้าหลัก

Brief Record : Get Marc (ISO 2709) : E-mail record : QR code < ปิดหน้าต่าง
LEADER : 00000nam 2200000uu 4500
001    13399127476
003     ULIB
008    200604s2018||||th 000 0 tha d
020    ^a9781506258805
020    ^a9781506258829^c1,570 (set)
050 04 ^aPE1128^bL633B
100 1  ^aLougheed, Lin
245 10 ^aBarron s TOEIC :^btest of English for international communication /^cLin Lougheed
246 30 ^aTOEIC : test of English for international communication
250    ^a8th ed.
260    ^aNew York :^bBarron s,^c2018
300    ^ax, 558 p. :^bill ;^c28 cm.
490 0  ^aBarron s the leader in test preparation
490 0  ^aTOEIC superpack
650  0 ^aTest of English for international communication^xStudy guides
650  0 ^aEnglish language^xTextbooks for foreign speakers.
650  0 ^aEnglish language^xExaminations^xStudy guides.
945    ^p0^l0^i28382
999    ^aกัณชพร จุลอักษร
รายการนี้ยังไม่มีแท็ก
คุณยังไม่ได้ล็อกอิน คุณสามารถมีกิจกรรมร่วมกับเว็บไซต์ได้ แต่ต้องล็อกอินก่อน ::
  ล็อกอิน

รายการสื่อสารสนเทศ

ลำดับที่ ประเภท เลขเรียก/บาร์โค้ด สถานที่ สถานะ
1. หนังสือสำรอง
หนังสือสำรอง
PE1128 L633B ฉ.1 
  Barcode: 28382
ห้องสมุดวิทยาเขตนครสวรรค์
►หนังสือทั่วไป:l:General Books
บนชั้น

รายการใกล้เคียง
    ผู้แต่ง [Lougheed, Lin]

BibComment


ยังไม่เคยถูกคอมเมนท์

คอมเมนท์ทรัพยากรรายการนี้
  คอมเมนท์: Barron s TOEIC ..


 Copyright 2026. Bcnsprnw @Library